|
|
|
|
| LEADER |
01243nam a2200313 i 4500 |
| 001 |
5555 |
| 003 |
BD-DhAAL |
| 005 |
20150217094631.0 |
| 008 |
150217s1979 cau b 000 0 eng |
| 010 |
|
|
|a 79000175
|
| 020 |
|
|
|a 0803912048
|
| 040 |
|
|
|a DLC
|c DLC
|d DLC
|d BD-DhAAL
|
| 050 |
0 |
0 |
|a HM133
|b .B483
|
| 082 |
0 |
0 |
|a 301.18/5
|
| 100 |
1 |
|
|a Bertcher, Harvey J.
|9 8515
|
| 245 |
1 |
0 |
|a Group participation techniques for leaders and members /
|c by Harvey J. Bertcher.
|
| 260 |
|
|
|a Beverly Hills, Calif. :
|b Published in cooperation with the Continuing Education Program in the Human Services of the University of Michigan School of Social Work [by] Sage Publications,
|c c1979.
|
| 300 |
|
|
|a 179 p. ;
|c 22 cm.
|
| 490 |
|
|
|a Sage human services guides ;
|v v. 10
|
| 504 |
|
|
|a Includes bibliographies.
|
| 541 |
|
|
|e 5555
|
| 650 |
|
0 |
|a Small groups.
|9 8516
|
| 650 |
|
0 |
|a Social groups.
|9 8517
|
| 650 |
|
0 |
|a Social participation.
|9 8518
|
| 650 |
|
0 |
|a Leadership.
|9 5928
|
| 710 |
2 |
|
|a University of Michigan.
|b School of Social Work.
|9 8519
|
| 942 |
|
|
|2 ddc
|c BK
|
| 999 |
|
|
|c 33722
|d 33722
|
| 952 |
|
|
|0 0
|1 0
|2 ddc
|4 0
|6 301_185000000000000_BER
|7 0
|9 52663
|a SCL
|b SCL
|c GEN
|d 2015-02-17
|e Gift: The Asia Foundation
|l 0
|o 301.185 BER
|p 3020005555
|r 2015-02-17
|t 1
|w 2015-02-17
|y BK
|